000 00541nam a2200169Ia 4500
008 210716s2005 xx 000 0 und d
020 _a0749445149
041 _aeng
082 _a658.312404 WILJ
100 _aWilson, John P.
245 _aHuman resource development: learning and training for individuals and organizations.
_bLearning and training for individuals and organizations
250 _a2
260 _aNew Delhi
_bKogan Page
_c2005
300 _axxvi,564
650 _aHuman Resource Development
700 _aWilson, John P.
999 _c203735
_d203735